Statystyki dla Wszystkie kluby piłkarskie z TOP 5 lig 19/20

Kliknij tutaj aby rozwiązać quiz!

Ogólne statystyki

  • Ten quiz został rozwiązany 616 razy
  • Średni wynik to 38 z 98

Statystyki odpowiedzi

LigaKlub% Poprawnych
AngliaManchester City
94%
AngliaManchester United
93%
AngliaArsenal
89%
AngliaLiverpool
89%
AngliaChelsea
87%
HiszpaniaFC Barcelona
82%
HiszpaniaReal Madryt
82%
AngliaTottenham
78%
WłochyJuventus
76%
HiszpaniaAtletico Madryt
74%
WłochyAC Milan
71%
NiemcyBayern Monachium
71%
NiemcyBorussia Dortmund
71%
WłochyInter Mediolan
67%
AngliaAston Villa
65%
AngliaEverton
65%
AngliaLeicester City
63%
HiszpaniaSevilla
62%
WłochyNapoli
61%
HiszpaniaValencia
61%
FrancjaParis Saint Germain
60%
WłochyAS Roma
59%
AngliaWest Ham United
58%
AngliaSouthampton
54%
HiszpaniaAthletic Bilbao
53%
NiemcyBayer Leverkusen
53%
AngliaCrystal Palace
52%
HiszpaniaReal Betis
52%
AngliaBrighton
51%
FrancjaAS Monaco
49%
WłochyAtalanta
49%
AngliaBurnley
49%
AngliaNewcastle United
48%
AngliaBournemouth
47%
WłochyLazio Rzym
47%
AngliaNorwich City
46%
NiemcySchalke 04
45%
AngliaWatford
44%
NiemcyRB Lipsk
43%
WłochySampdoria
43%
HiszpaniaVillareal
41%
WłochyFiorentina
39%
HiszpaniaEspanyol
38%
AngliaSheffield United
38%
WłochyGenoa
37%
HiszpaniaGetafe
36%
NiemcyHertha Berlin
36%
WłochyTorino
36%
NiemcyUnion Berlin
36%
NiemcyBorussia Monchengladbach
34%
FrancjaOlympique Lyon
34%
WłochyParma
32%
NiemcyVfL Wolfsburg
32%
NiemcyWerder Brema
32%
NiemcyEintracht Frankfurt
31%
FrancjaOlympique Marsylia
31%
HiszpaniaCelta Vigo
30%
HiszpaniaLevante
30%
FrancjaLille
30%
HiszpaniaMallorca
30%
WłochySassuolo
30%
WłochyBologna
29%
WłochyHellas Verona
28%
NiemcyFC Koln
27%
HiszpaniaGranada
27%
WłochySPAL
27%
WłochyBrescia
26%
WłochyCagliari
26%
NiemcyAugsburg
25%
NiemcyFortuna Dusseldorf
25%
NiemcyHoffenheim
25%
HiszpaniaDeportivo Alaves
24%
HiszpaniaReal Valladolid
24%
HiszpaniaLeganes
23%
HiszpaniaEibar
22%
NiemcyFreiburg
22%
HiszpaniaOsasuna
22%
WłochyLecce
20%
FrancjaFC Nantes
18%
WłochyUdinese Calcio
17%
FrancjaMontpellier
16%
FrancjaOGC Nice
16%
FrancjaSaint Etienne
15%
FrancjaToulouse
14%
FrancjaDijon
13%
NiemcyPaderborn
13%
FrancjaStrasbourg
13%
FrancjaStade Rennes
12%
FrancjaAngers
11%
NiemcyFSV Mainz
10%
FrancjaBrest
7%
FrancjaStade Reims
7%
FrancjaFC Metz
6%
FrancjaGirondis Bordeaux
4%
AngliaWolverhamtpon
3%
FrancjaNimes Olympique
2%
HiszpaniaReal Socielad
1%
FrancjaArmiens
0%

Rozkład punktacji

Percentyl według liczby udzielonych odpowiedzi

Procent ludzi z każdym wynikiem

Twoja historia wyników

Nie rozwiązałeś tego quizu